| 000 | 00459nab a22001457 4500 | ||
|---|---|---|---|
| 003 | ES-SlBCS | ||
| 005 | 20220508133929.0 | ||
| 008 | 210302s2021 sp ||||| |||| 00| 0 spa d | ||
| 040 |
_aES-SlBCS _bspa |
||
| 041 | _aspa | ||
| 100 | 1 |
_aTreek Nilsson, Mike D. Van _977660 |
|
| 245 | 1 | 3 |
_aEl Futuro de la Teología: una perspectiva bíblica _cMike Van Treek |
| 773 |
_gVol. 37, núm. 71, 2021, págs. 121-146 _tCarthaginensia _wRev107 _x0213-4381 |
||
| 942 |
_2lcc _cAR |
||
| 999 |
_c495742 _d495742 |
||